<?xml version="1.0" encoding="UTF-8"?>
<record
    xmlns:xsi="http://www.w3.org/2001/XMLSchema-instance"
    xsi:schemaLocation="http://www.loc.gov/MARC21/slim http://www.loc.gov/standards/marcxml/schema/MARC21slim.xsd"
    xmlns="http://www.loc.gov/MARC21/slim">

  <leader>01402nab a22003137a 4500</leader>
  <datafield tag="999" ind1=" " ind2=" ">
    <subfield code="c">5625</subfield>
    <subfield code="d">5625</subfield>
  </datafield>
  <controlfield tag="003">OSt</controlfield>
  <controlfield tag="005">20251222234125.0</controlfield>
  <controlfield tag="008">190429b        xxu||||| |||| 00| 0 spa d</controlfield>
  <datafield tag="040" ind1=" " ind2=" ">
    <subfield code="c">PJ</subfield>
  </datafield>
  <datafield tag="100" ind1=" " ind2=" ">
    <subfield code="9">6599</subfield>
    <subfield code="a">Walter, Lucas I. </subfield>
  </datafield>
  <datafield tag="245" ind1="1" ind2="0">
    <subfield code="a">Del t&#xFA;nel a la duda razonable. C&#xF3;mo el Tribunal de Casaci&#xF3;n Penal devolvi&#xF3; la Justicia /</subfield>
    <subfield code="c">Lucas I. Walter.</subfield>
  </datafield>
  <datafield tag="260" ind1=" " ind2=" ">
    <subfield code="c">Ciudad Aut&#xF3;noma de Buenos Aires :</subfield>
    <subfield code="a">Thomson Reuters La Ley, </subfield>
    <subfield code="b">2025.</subfield>
  </datafield>
  <datafield tag="300" ind1=" " ind2=" ">
    <subfield code="a">p. 134-140</subfield>
  </datafield>
  <datafield tag="500" ind1=" " ind2=" ">
    <subfield code="a">Cita: TR LALEY AR/DOC/2858/2025. </subfield>
  </datafield>
  <datafield tag="505" ind1=" " ind2=" ">
    <subfield code="a"> Sumario: I. Introducci&#xF3;n.&#x2014; II. Rese&#xF1;a y an&#xE1;lisis del fallo.&#x2014; III. Conclusiones. &#x2014; IV. Bibliograf&#xED;a. </subfield>
  </datafield>
  <datafield tag="505" ind1=" " ind2=" ">
    <subfield code="a">Fallo comentado:  TCasaci&#xF3;n Penal, Buenos Aires, sala V ~ 23/04/2025 ~ B. O. A. y G. C. I. s/ recurso de casaci&#xF3;n.</subfield>
  </datafield>
  <datafield tag="505" ind1=" " ind2=" ">
    <subfield code="t">Si te interesa el texto completo, solicitalo a koha@justierradelfuego.gov.ar </subfield>
  </datafield>
  <datafield tag="650" ind1=" " ind2="0">
    <subfield code="9">343</subfield>
    <subfield code="a">DERECHO PENAL</subfield>
  </datafield>
  <datafield tag="650" ind1=" " ind2="0">
    <subfield code="9">2348</subfield>
    <subfield code="a">PROCESO PENAL</subfield>
  </datafield>
  <datafield tag="650" ind1=" " ind2="0">
    <subfield code="9">2107</subfield>
    <subfield code="a">RECURSO DE CASACION</subfield>
  </datafield>
  <datafield tag="650" ind1=" " ind2="0">
    <subfield code="9">2868</subfield>
    <subfield code="a">IN DUBIO PRO REO</subfield>
  </datafield>
  <datafield tag="650" ind1=" " ind2="0">
    <subfield code="9">3092</subfield>
    <subfield code="a">PRESCRIPCI&#xD3;N</subfield>
  </datafield>
  <datafield tag="650" ind1=" " ind2="0">
    <subfield code="9">180</subfield>
    <subfield code="a">DEBIDO PROCESO</subfield>
  </datafield>
  <datafield tag="650" ind1=" " ind2="0">
    <subfield code="9">586</subfield>
    <subfield code="a">DEFENSA EN JUICIO</subfield>
  </datafield>
  <datafield tag="650" ind1=" " ind2="0">
    <subfield code="9">6600</subfield>
    <subfield code="a">HOMICIDIO CRIMINIS CAUSA</subfield>
  </datafield>
  <datafield tag="650" ind1=" " ind2="0">
    <subfield code="9">6031</subfield>
    <subfield code="a">SENTENCIA ABSOLUTORIA</subfield>
  </datafield>
  <datafield tag="773" ind1="0" ind2=" ">
    <subfield code="0">2658</subfield>
    <subfield code="9">3164</subfield>
    <subfield code="t">Revista de derecho penal y criminolog&#xED;a. N&#xBA; 11 - Diciembre 2025</subfield>
    <subfield code="d">Ciudad Aut&#xF3;noma de Buenos Aires : Thomson Reuters La Ley, 2017-</subfield>
    <subfield code="x">00347914</subfield>
  </datafield>
  <datafield tag="942" ind1=" " ind2=" ">
    <subfield code="2">udc</subfield>
    <subfield code="c">ANA</subfield>
  </datafield>
</record>
